Central Library OPAC University of Rajshahi

রাজনৈতিক উপন্যাস : (Record no. 48633)

MARC details
000 -LEADER
fixed length control field 01077nam a2200253 a 4500
001 - CONTROL NUMBER
control field 48633
003 - CONTROL NUMBER IDENTIFIER
rucl marc code BD-RjUL
005 - DATE AND TIME OF LATEST TRANSACTION
control field 20211209054545.0
008 - FIXED-LENGTH DATA ELEMENTS--GENERAL INFORMATION
fixed length control field 160814s2005 ii ||||| |||| 00| 0 ben d
020 ## - INTERNATIONAL STANDARD BOOK NUMBER
Terms of availability : IRs.100.00
035 ## - SYSTEM CONTROL NUMBER
System control number (BD-RjUL)48752
040 ## - CATALOGING SOURCE
Original cataloging agency BD-RjUL
Language of cataloging ben
Transcribing agency BD-RjUL
Modifying agency BD-RjUL
041 ## - LANGUAGE CODE
Language code of text/sound track or separate title ben
082 ## - DEWEY DECIMAL CLASSIFICATION NUMBER
Edition number 23
Classification number 891.44309
Author mark and year CHR 2005
100 ## - MAIN ENTRY--PERSONAL NAME
Personal name চট্টোপাধ্যায়, প্রসন্নকুমার
9 (RLIN) 146857
245 10 - TITLE STATEMENT
Title রাজনৈতিক উপন্যাস :
Remainder of title সেকাল ও একাল /
Statement of responsibility, etc. প্রসন্নকুমার চট্টোপাধ্যায়,
250 ## - EDITION STATEMENT
Edition statement ২য় সং.
260 ## - PUBLICATION, DISTRIBUTION, ETC. (IMPRINT)
Place of publication, distribution, etc. কলকাতা :
Name of publisher, distributor, etc. পুস্তক বিপনি,
Date of publication, distribution, etc. ২০০৫
300 ## - PHYSICAL DESCRIPTION
Pagination ২২৪ পৃ. ;
Size ২৪ সেমি.
504 ## - BIBLIOGRAPHY, ETC. NOTE
Bibliography, etc গ্রন্থপঞ্জি সম্বলিত
650 ## - SUBJECT ADDED ENTRY--TOPICAL TERM
Topical term or geographic name as entry element বাংলা উপন্যাস
Form subdivision ইতিহাস ও সমালোচনা
9 (RLIN) 146858
Topical term or geographic name as entry element Bengali Fiction
Form subdivision History and Criticism
9 (RLIN) 126704
942 ## - ADDED ENTRY ELEMENTS (KOHA)
Source of classification or shelving scheme Dewey Decimal Classification
Koha item type Books
Holdings
Lost status Source of classification or shelving scheme Damaged status Not for loan Collection code Permanent Location Current Location Shelving location Date acquired Source of acquisition Cost, normal purchase price Total Checkouts Full call number Date last seen Date checked out Copy number Koha item type
  Dewey Decimal Classification     Fiction Central Library, University of Rajshahi Central Library, University of Rajshahi   31/05/2007 Paragon Enterprises Dhaka 100.00 2 B 891.44309 CHR 2005 10/04/2017 08/04/2017 C-2 Books
  Dewey Decimal Classification   Not For Loan Fiction Central Library, University of Rajshahi Central Library, University of Rajshahi Reading Room 31/05/2007 Paragon Enterprises Dhaka 100.00   B 891.44309 CHR 2005 30/01/2017   C-1 Books